Ghost Songs by Lyrics #4 - Statistics

General Stats
  • This quiz has been taken 25 times
  • The average score is 10 of 14
Answer Stats
Hint Answer % Correct
[Instrumental] (Impera) Imperium
91%
[Instrumental] (Impera) Bite Of Passage
82%
[Instrumental] (Impera) Dominion
82%
[Instrumental] (Prequelle) Helvetesfönster
82%
[Instrumental] (Meliora) Spöksonat
82%
[Instrumental] (Opus Eponymous) Genesis
77%
Come together for Lucifer’s son Monstrance Clock
77%
[Instrumental] (Opus Eponymous) Deus Culpa
73%
[Instrumental] (Prequelle) Miasma
73%
[Instrumental] (Meliora) Devil church
68%
a pocket full of posies Ashes
64%
Sacrifice for the horde leads the way from shame Griftwood
55%
Time will soon be gone Zenith
45%
That I always sing each year I Believe
41%
No matching quizzes found
Score Distribution
Percent of People with Each Score
Percentile by Number Answered
Your Score History
You have not taken this quiz